O espaco dividido: os dois circuitos da economia urbana dos paises subdesenvolvidos
Gardado en:
| Autor Principal: | |
|---|---|
| Formato: | Libro |
| Idioma: | portugués |
| Publicado: |
Sao Paulo
Universidade de Sao Paulo
2004
|
| Edición: | 2a. ed |
| Subjects: | |
| Tags: |
Engadir etiqueta
Sen Etiquetas, Sexa o primeiro en etiquetar este rexistro!
|
MARC
| LEADER | 00000cam a2200000 a 4500 | ||
|---|---|---|---|
| 001 | UCF2620 | ||
| 003 | CL-VaPUC | ||
| 008 | 120830e20040000BL |||||||||||||||||por|d | ||
| 020 | |a 9788531408335 | ||
| 082 | 0 | 4 | |a 910 |b SAN |2 21 |
| 100 | 0 | |a Santos, Milton |e author |9 564333 | |
| 245 | 1 | 2 | |a O espaco dividido: os dois circuitos da economia urbana dos paises subdesenvolvidos |
| 250 | |a 2a. ed | ||
| 300 | |a 440 p | ||
| 942 | |c BK | ||
| 945 | |d 20120830 00:00:00 |a dcastane | ||
| 260 | |a Sao Paulo |b Universidade de Sao Paulo |c 2004 | ||
| 650 | 0 | |a Geografía humana |9 267193 | |
| 650 | 0 | |a Geografía política |9 268296 | |
| 650 | 7 | |a TERCER MUNDO |2 CL-VaPUC |9 343226 | |
| 650 | 0 | |a Países en vías de desarrollo |9 564334 | |
| 583 | |a last modification |c 20120830 10:25:00 |k Rodrigo Vera | ||
| 999 | |c 349161 |d 349159 | ||
| 952 | |0 0 |1 0 |4 0 |6 910_000000000000000_SAN_2004 |7 0 |8 A |9 451641 |a BIBING |b BIBING |d 2019-11-22 |i 4898648 |o 910 SAN 2004 |p 4898648 |r 2025-01-20 |w 2019-11-22 |y BK |k GEO | ||